[Event "Turnier 40 / 120"]
[Site "Wien"]
[Date "2022.06.30"]
[Round "37"]
[White "Novag Diamond H8 - 26,6 MHZ"]
[Black "Mephisto Berlin 68000 - 12 MHZ"]
[Result "1-0"]
[BlackElo "2132"]
[WhiteElo "2105"]

{Analyse --------> Komodo 13.02.} 1. c4 e5 2. Nc3 Nf6 3. Nf3 Nc6 4. g3 Bb4
5. Bg2 O-O 6. O-O e4 7. Ng5 Bxc3 8. bxc3 Re8 9. Qc2 d5 10. cxd5 Qxd5 11. d3
Bf5 12. Qb2 {Buchende} b6 13. Bf4 {Buchbewertung Novag Diamond: +0,61} h6
14. dxe4 Nxe4 {Buchende} 15. Nxe4 Bxe4 {Buchbewertung Mephisto Berlin
68000: -0,57 / lt. Komodo ist die Stellung etwa gleich} 16. Rad1 Qe6 17. f3
Bd5 18. Rf2 Bxa2 19. Bxc7 Re7 20. Bf4 Qb3 21. Qa1 Qc4 22. e4 Bb3 23. Rd5
Na5 24. Rfd2 Ree8 25. Bh3 Qa6! {die beste Fortsetzung, die Stellung ist
exakt im Lot, Komodo 0,00} 26. Rd7 Qb5 {der erste schwächere Zug der
gesamten Partie, danach ist Weiss etwas im Vorteil, Komodo +0,70 mit der
Fortsetzung Tc7, besser ist Le6 mit Ausgleich} 27. Rc7 Rf8??? {ein ganz
schlechter Zug, danach ist die Partie praktisch schon verloren, Komodo
+2,40 mit der Fortsetzung Ld7, nötig war Te7} 28. Bd7! Qh5 29. Qf1 Rfd8 30.
Bg4?? {ein ganz schwacher Zug, der einen Grossteil des Vorteiles verspielt,
Komodo nur noch +0,60 für Weiss, gewonnen hätte Td6 mit ca. +2,50} Qg6 31.
Rxa7?? {Komodo hätte hier Ld7 !!! als Fehlerkorrektur vorgeschlagen, das
ist aber natürlich für den Novag Diamond nicht spielbar, da
Stellungswiederholung und damit 0,00, Komodo würde Weiss hier wieder
deutlich im Vorteil sehen mit ca. +1,70, nach dem Textzug ist Weiss nur
noch knapp im Vorteil, Komodo +0,50} Qf6 32. Rxa8 Rxa8 33. Qa1 Qc6 34. Qb2
{geringen Vorteil versprach noch Td6, nach dem Textzug ist die Stellung
bereits im Lot, Komodo 0,00} Bc4 {besser ist Sc4, nach dem Textzug ist
Weiss wieder leicht im Vorteil, Komodo +0,80} 35. Rd7 {so allerdings nicht,
Komodo 0,00, nötig war Db4} Qc5+ 36. Qf2 Nc6?? {das ist natürlich
strategisch ganz schlecht, Schwarz muss natürlich den Damentausch vermeiden
mittels Db5 und die Stellung bleibt im Lot, nach dem Damentausch steht der
weisse König natürlich völlig in Sicherheit und Weiss hat einfach einen
gesunden Mehrbauern und das starke Läuferpaar, Komodo +1,50} 37. Qxc5 {na
klar} bxc5 38. h4 Ra1+ 39. Kf2 Ra2+ 40. Ke1 f6 {deutlich schwächer als
Te2+, nach dem Textzug ist die Partie praktisch verloren, Komodo -2,50 mit
der Fortsetzung Tc7} 41. Bd6?? {weit schwächer als Tc7, Komodo -1,30 mit
der Fortsetzung Ta1+} Ra1+ 42. Kd2 Ra2+ 43. Kc1??? {verschenkt den Sieg,
danach ist die Partie Remis, Komodo 0,00 mit der Fortsetzung Sa5 !!! und
Schwarz hat in der Folge Dauerschach, nötig war Kd1 mit ca. +1,50 für
Weiss} Na5! {Mephisto Berlin -1,21, der richtige Zug, Komodo 0,00} 44. Rd8+
{Novag Diamond: +2,00 natürlich fehlt es beiden Geräten an der nötigen
Rechentiefe um das Remis zu erkennen} Kh7 45. Kd1 Ra1+ 46. Kd2 Bb5 47. Bc7
Nc4+ 48. Kc2 Ra2+ 49. Kb1 Rf2 50. Bf4 Na3+ 51. Kc1 Rf1+ 52. Rd1 Rf2 {die
Stellung ist Remis, Komodo 0,00} 53. Rd5 Rc2+ {nach Tf1+ hat Schwarz das
Remis sicher, denn Weiss kann nicht mehr aus dem Schach entkommen.} 54. Kd1
Rxc3? {das ist zu materialistisch, besser ist Tg2 und Schwarz hat das Remis
sicher, nach dem Textzug ist Weiss leicht im Vorteil, Komodo +0,80 mit der
Fortsetzung h5} 55. h5 c4??? {Mephisto Berlin 68000: -0,40 / ein wahrer
MEGABOCK, der die Partie sofort verliert, Komodo -5,30 mit der Fortsetzung
Lf5+, nötig war g5 mit ca. +0,80 für Weiss} 56. Bf5+ {Novag Diamond: +2,19}
Kg8 {Mephisto Berlin 68000: -0,48 sieht das Unheil noch nicht wirklich
kommen / Komodo -6,00} 57. Rd8+! {richtig, Novag Diamond: +2,34} Kf7
{Mephisto Berlin 68000 sieht immer noch kein Problem: -0,27} 58. Bd6 {Novag
Diamond: +2,38} Rd3+ {viel zu spät erkennt Mephisto Berlin 68000 nun auch
das Problem: -1,72} 59. Kc1 Rxd6 60. Rxd6 c3 61. f4 Ke7 62. Rb6 Be2 63.
Rb7+ Kf8 64. Bg6 Bc4 65. Rc7 Be6 66. Rxc3 Nb5 67. Rc6 Bd7 68. Ra6 Ke7 69.
Kd2 Nd6 70. Ra8 Bc6 71. Ra7+ Bd7 72. Kd3 {Komodo +8,30} Nb5 73. Ra8 Be6 74.
f5 Bf7 75. Bxf7 Kxf7 76. Kc4 Nd6+ 77. Kd5 Nb5 78. Rc8 Ke7 79. Rc5 Na3 80.
Rc7+ Kf8 81. Rc1 Kf7 82. Kc5 Kf8 83. Kb4 Ke7 84. Kxa3 1-0
[/pgn]
[pgn]

[Event "Turnier 40 / 120"]
[Site "Wien"]
[Date "2022.07.02"]
[Round "38"]
[White "Mephisto Berlin 68000 - 12 MHZ"]
[Black "Novag Diamond H8 - 26,6 MHZ"]
[Result "1-0"]
[BlackElo "2105"]
[WhiteElo "2132"]

{Analyse -------------> Komodo 13.02.} 1. c4 c5 2. Nc3 Nc6 3. Nf3 Nf6 4. g3
{Buchende} e6 5. Bg2 {Buchbewertung Mephisto Berlin 68000: +0,21} d5 6.
cxd5 Nxd5 {Buchende} 7. O-O Be7 {Buchbewertung Novag Diamond: +0,26 / lt.
Komodo steht Weiss etwas besser mit ca. +0,60} 8. d4 Nxc3 9. bxc3 O-O 10.
Bf4 Bd6 11. Bxd6 Qxd6 12. e3 cxd4 13. cxd4 Bd7 14. Rb1 b6 15. Qd3 Rfc8 16.
Ng5 f5 17. Rfd1 h6 18. Nf3 Rc7 19. Rdc1 {die Stellung ist im Lot, Komodo
0,00} Rac8 20. Qd2 Be8 21. Qb2 Bh5 22. a3 Qe7 23. Ne1 Na5 24. Nd3 Nc4 25.
Qb4 Qxb4 26. axb4 {die Stellung ist immer noch im Lot, Komodo 0,00} Nd2 27.
Rxc7 Rxc7 28. Ra1 Nf3+ 29. Kh1 g5 30. Ra2? {ein schwacher Zug, danach ist
Schwarz im Vorteil, Komodo +1,30 mit der Fortsetzung Tc3, nötig war Lxf3
mit Ausgleich} Kg7? {dieser Zug bringt allerdings keinerlei Vorteil für
Schwarz, die Stellung ist wieder im Lot Komodo 0,00} 31. h3! {richtig} Kf6
32. Ra3 Rc2 33. Bf1 Nd2 34. Bg2 Nc4 35. Rxa7 Be2 36. Ne5 Nxe5 37. dxe5+
Kxe5 38. Rh7 h5 39. f4+ gxf4 {Schwarz steht etwas besser, Komodo +0,70} 40.
exf4+ Kd6 41. Rb7 b5 42. Rb6+ Ke7 43. Rb7+ Kf6 {die Stellung ist fast im
Lot, Komodo +0,20 für Schwarz} 44. Kg1 h4 45. gxh4 Rb2 46. Rb6 Bc4 47. h5
Rxb4 48. Kf2 Rb2+ 49. Kg3 b4 50. Bf3 Rb1 51. Rc6??? {ein Verlustzug, danach
ist die Partie bereits verloren, Komodo -2,80 mit der Fortsetzung b3, nötig
war Kh4 und es ist Remis} Rg1+??? {Unglaubliches Pech hat hier der Novag
Diamond, wie schon ein paar Runden davor verwirft er auch hier den
Gewinnzug b3 im letzten Augenblick wegen einer Bewertungsdifferenz von
+0,04 (er bewertet den Textzug leider mit +0,88, zuvor hatte er die ganze
Zeit Minutenlang b3 mit +0,84 bewertet), nach dem Textzug ist der Sieg
verschenkt, Komodo 0,00} 52. Kh2 Rc1 53. Bd5 Rc2+ 54. Kg1 Bxd5??
{unverständlich besser ist natürlich Tc1+ und auf Remis zu spielen, nach
dem Textzug ist Weiss bereits im Vorteil} 55. Rxc2 b3 56. Rc5 Kg7 57. Rb5
Kh6 58. Kf2 Kxh5 59. Kg3 Kh6 {Komodo 13.02 sieht hier Weiss mit +1,50 im
Vorteil, ich bin mir aber nicht sicher, ob Weiss das wirklich gewinnen
kann, Stockfish 15 sieht Weiss nur mit +0,40 im Vorteil !!!} 60. Kh4 Kg6
61. Rb8 Kf6 62. Kg3 Ke7??? {ein absolut absurder Verlustzug, danach ist die
Partie sofort verloren, Komodo -10,00 mit der Fortsetzung h4, der König
muss natürlich nach g6 oder f7 und Weiss kann wohl nicht mehr gewinnen.}
63. h4! {diese Chance lässt sich Mephisto Berlin nicht entgehen, Bewertung
+1,30} Kf6 {Novag Diamond ahnt noch nichts böses, Bewertung nur -0,03} 64.
h5 Kg7 65. Kh4 Kh6 66. Re8 {Mephisto Berlin 68000: +1,27} Bc4 {Novag
Diamond glaubt hier immer noch an seine Chance, Bewertung -0,19 ???,
UNFASSBAR !!! / Komodo -10,00} 67. Rh8+ Kg7 68. Rc8 {Mephisto Berlin +2,06}
Bb5 {Novag Diamond -1,11, erst jetzt klingelt es und auch noch viel zu
wenig} 69. Rc3 b2 70. Rb3 Ba4 71. Rxb2 {Rest geschenkt, eine ganz bittere
Niederlage für den Novag Diamond, der den Gewinnzug wegen einer
Bewertungsdifferenz von +0,04 im letzten Augenblick verwirft und dann noch
sogar das Remis abschenkt.} 1-0
[/pgn]
[pgn]

[Event "Turnier 40 / 120"]
[Site "Wien"]
[Date "2022.07.04"]
[Round "39"]
[White "Novag Diamond H8 - 26, 6 MHZ"]
[Black "Mephisto Berlin 68000 - 12 MHZ"]
[Result "0-1"]
[BlackElo "2105"]
[WhiteElo "2132"]

{Analyse --------> Komodo 13.02.} 1. e4 d6 2. d4 Nf6 3. Nc3 g6 4. f4 Bg7 5.
Nf3 c5 6. e5 Nfd7 7. dxc5 dxe5 8. fxe5 {Buchende} Nxe5 9. Qxd8+
{Buchbewertung Novag Diamond: +0,84 viel zu optimistisch lt. Komodo ist die
Stellung exakt im Lot 0,00} Kxd8 10. Nxe5 Bxe5 {Buchende} 11. Bd2 Nc6
{Buchbewertung Mephisto Berlin 68000: -0,33 lt. Komodo ist die Stellung
immer noch exakt im Lot, 0,00} 12. Bb5 Bf5 13. O-O-O Ke8 14. Nd5 f6 15. Ba5
{besser ist Se3} Be4 {besser ist Kf7} 16. Rd2? {deutlich schwächer als
Sc7+, danach ist Schwarz im Vorteil, Komodo +1,00} Kf7 17. Bxc6 bxc6 18.
Nc3 Bf5 19. g3? {deutlich schwächer als Te2, nach dem Textzug ist Schwarz
bereits entscheidend im Vorteil, Komodo +1,70 mit der Fortsetzung h5, klar
Schwarz hat 4 gegen 2 Bauern am Königsflügel, während Weiss das zwar auch
hat, aber der Doppelbauer entwertet das natürlich, dazu kommt noch das
starke Läuferpaar von Schwarz, die Partie bereits gelaufen !!!} h5! 20. Rg1
h4 21. Nd1? {besser ist noch Se2, die Stellung ist bereits klar verloren
für Weiss, Komodo -2,00} hxg3 22. hxg3 Rh3! {Mephisto Berlin +1,24 erkennt
bereits klaren Vorteil und macht in dieser Phase alles richtig und baut den
Vorteil konsequent aus Komodo +2,00} 23. g4 {Novag Diamond ist noch viel zu
optimistisch nur -0,46 ???} Be6 24. Re2 Bd5 25. Bc3 Bf3 26. Rxe5 {zeigt
schon die Aussichtslosigkeit für Weiss, hier könnte man die Partie bereits
beenden, lt. Komodo noch gleichwertig mit Sf2, Komodo -2,10} fxe5 27. Bxe5
{hier ist Sf2 noch etwas besser, rettet aber Weiss natürlich auch nicht
mehr} Rd8? {der 1. schwache Zug von Mephisto Berlin 68000 in der gesamten
Partie, danach ist Schwarz "nur" noch mit ca. +0,90 im Vorteil, sofort
gewonnen hätte Lxd1 bereits mit +2,50 für Schwarz} 28. Nf2 Rh7 29. Nd3??
{verliert die Partie, nötig war b3 und Schwarz wäre nur noch mit +0,60 im
Vorteil, hier gewinnt Th1 mit +1,80 für Schwarz} Ke8? {auch nicht gerade
das Gelbe vom Ei, Komodo +1,00} 30. Kd2? {dieses Endspiel überfordert beide
Geräte, nach dem Textzug ist die Partie bereits verloren, Komodo -2,00 mit
der Fortsetzung Th3, nötig war Lc7 mit ca. -1,00} g5? {klar schwächer als
Th3, Komodo +0,80, hier beende ich vorläufig die Kommentierung.} 31. Ke3
Bd5 32. Bc7 Rd7 33. Bg3 Rh3 34. b3 Be6? {verspielt den restlichen Vorteil,
der mit Lg8 noch zu haben war, nach dem Textzug ist die Stellung bereits im
Lot, Komodo 0,00} 35. c4 Rd8 36. Ne5 Rc8 37. a3 Rb8 38. b4 Rc8 39. a4 Kf8
40. Ke4 Kg7 41. a5 a6 42. Be1 Rh2 43. Bc3 Kh6 44. Bd4 Rh3 45. Rf1 Bg8 46.
Rf3 Rh4 47. Kd3 Be6 48. Bf2??? {nach Tg3 wäre Weiss knapp besser gestanden
mit ca. +0,40, dieser Zug verliert die Partie, Komodo -1,60 mit der
Fortsetzung Lxg4, Novag Diamond übersieht leider völlig diesen Zug und
rechnet mit Th1 ???} Bxg4! {na klar, damit ist die Partie entschieden !!!!}
49. Rf7 {deutlich besser ist noch Te3, Komodo -2,70} Rh3+ 50. Kd4 Rd8+!
{richtig, Komodo +3,20, Weiss kann bereits aufgeben} 51. Ke4 Bh5! {richtig}
52. Rxe7 Rd2! {jetzt macht Mephisto Berlin alles richtig, die Partie ist
längst gelaufen, Komodo +3,60} 53. Re6+ Kg7 54. Bg1 Rd1 55. Bf2 Rf1 56.
Rxc6 Rxf2 57. Rxa6 {Komodo +6,00 mit der Fortsetzung Th4+} Rh4+ 58. Kd5 g4!
{alles richtig, Komodo +8,00} 59. c6 Bf7+ 60. Nxf7 Rxf7 61. b5 g3 {Rest
geschenkt} 0-1
[/pgn]
[pgn]

[Event "Turnier 40 / 120"]
[Site "Wien"]
[Date "2022.07.04"]
[Round "40"]
[White "Mephisto Berlin 68000 - 12 MHZ"]
[Black "Novag Diamond H8 - 26,6 MHZ"]
[Result "1-0"]
[BlackElo "2105"]
[WhiteElo "2132"]

{Analyse --------> Komodo 13.02.} 1. d4 Nf6 2. c4 e6 3. Nc3 Bb4 4. e3 O-O
5. Bd3 d5 6. Nf3 c5 7. O-O dxc4 8. Bxc4 Nbd7 9. Qe2 b6 10. Rd1 cxd4 11.
exd4 Bb7 12. d5 Bxc3 13. dxe6 Bxf3 {Buchende} 14. Qxf3 Ne5 {Buchbewertung
Novag Diamond: -0,19 / lt. Komodo ist die Stellung exakt ausgeglichen,
0,00} 15. exf7+ Kh8 16. Rxd8 Nxf3+ 17. gxf3 {Buchende} Rfxd8? {klarer
Buchvorteil für Mephisto Berlin 68000 in dieser Variante, der hatte den
klar besseren Zug Taxd8 noch im Buch, nach dem Textzug steht Weiss bereits
klar besser, Komodo +0,70, nach Taxd8 wäre die Stellung exakt im Lot
gewesen.} 18. bxc3 {Buchbewertung Mephisto Berlin 68000: -0,21} Rd1+ 19.
Kg2 Nd7 20. Bb3 Re1 21. Bb2 Rxa1 22. Bxa1 Ne5 {ein ganz schlechter Zug,
danach ist die Partie bereits verloren, deutlich besser ist Sf8, Komodo
-2,60 mit der Fortsetzung f4} 23. Bb2? {schwächer als f4 +1,90 für Weiss}
Rf8 {besser ist h5, nach dem Textzug ist die Partie praktisch wieder
verloren, Komodo +2,30 mit der Fortsetzung f4} 24. Ba3?? {halbiert den
Vorteil von Weiss, Komodo +1,30 für Weiss} Rxf7 25. Bxf7 Nxf7 26. c4 Ne5
27. c5 Kg8??? {ein Verlustzug, danach ist die Partie sofort verloren,
Komodo -3,00} 28. Bb2 Nc6 29. cxb6 axb6 30. a4 {die Stellung ist klar
gewonnen für Weiss, allerdings wieder mal nach Massstab von Komodo 13.02.,
Mephisto Berlin bewertet sich erst mit +0,60 / Komodo +3,00 / Stockfish 15
sieht es gar schon mit +7,00} Kf7 31. f4 g6 32. Be5 Nb4 33. Kf3 Ke6 {hier
geht der B-Bauer nach Ld4 bereits verloren: Komodo: Ld4, Kf5, Lxb6 -4,50}
34. Kg4 {auch diese Fortsetzung ist gleichwertig und gewinnt, Komodo +4,50}
Kd5 35. Kg5 Nd3 36. Kh6 Nc5 37. Kxh7 Nxa4 38. Kxg6 {Rest geschenkt} 1-0
[/pgn]
[pgn]

[Event "Turnier 40 / 120"]
[Site "Wien"]
[Date "2022.07.05"]
[Round "41"]
[White "Novag Diamond H8 - 26,6 MHZ "]
[Black "Mephisto Berlin 68000 - 12 MHZ"]
[Result "0-1"]
[BlackElo "2132"]
[WhiteElo "2105"]

{Analyse -------> Komodo 13.02.} 1. e4 e5 2. Nf3 Nc6 3. Bb5 a6 4. Ba4 Nf6
5. O-O Be7 6. Re1 b5 7. Bb3 d6 8. c3 O-O 9. h3 Bb7 10. d4 Re8 11. Nbd2 Bf8
12. a4 h6 13. Bc2 {Buchende} exd4 14. cxd4 {Buchbewertung Novag Diamond:
+0,11} Nb4 15. Bb1 c5 {Buchende} 16. dxc5 {etwas besser ist der noch im
Buch des Mephisto Berlin 68000 gespeicherte Zug d5} dxc5 {Buchbewertung
Mephisto Berlin 68000: +0,18 / lt. Komodo steht Schwarz etwas besser mit
ca. +0,50} 17. e5 Nfd5 18. Ne4 c4 19. Qe2 Qb6 20. a5??? {ein völlig
absurder Zug, danach ist die Partie bereits verloren, was will der Bauer
auf A5 wo er dauerhaft blockiert ist und vom Ta1 gedeckt werden muss, der
damit zu einer passiven Rolle verdammt ist nach diesem Zug könnte man die
Partie bereits beenden Komodo -2,00 mit der Fortsetzung Dc7, nötig war axb5
mit Ausgleich} Qc7 21. Bd2 {lt. Komodo noch das beste, aber nach dem
vorangegangenen Katastrophenzug hat Weiss einfach keine guten Züge mehr,
Komodo -2,00} Rad8! {richtig, Schwarz braucht nur noch seine Figuren in
Stellung bringen, da kann er sich nur noch selbst um den Sieg bringen, lt.
Komodo ist hier bereits da eigentlich absurd aussehende Sd6 !! noch die
beste Fortsetzung für Weiss, daran sieht man wie hoffnungslos die Lage
bereits ist.} 22. Rd1??? {völlig daneben, danach ist bereits alles vorbei,
Komodo -4,50} Nc6 23. Bxh6 Nxe5 24. Bg5 {Komodo -6,50} f6 {klar schwächer
als Sf4, rettet aber Weiss natürlich auch nicht mehr, Komodo +4,50} 25. Bd2
f5 26. Bg5 Rd7?? {um ganze 4 Bauerneinheiten schlechter als Sf4, aber auch
das spielt natürlich keine Rolle mehr, Komodo +3,80} 27. Nfd2 Nf7 28. Qh5
fxe4 29. Nxe4 Bb4 30. Ng3 Nf6 31. Rxd7 Re1+ 32. Nf1 Nxd7 33. Bh7+ Kf8 34.
Rxe1 Bxe1 35. Bh4 Bxa5 {Rest geschenkt --------------> eine absurde Partie
des Novag Diamond der hier völlig neben sich stand und eine für ein Gerät
mit 2100 einfach UNWÜRDIGE Vorstellung abliefert ---------> LETZTKLASSIG
!!!!} 0-1
[/pgn]
[pgn]

[Event "Turnier 40 / 120"]
[Site "Wien"]
[Date "2022.07.06"]
[Round "42"]
[White "Mephisto Berlin 68000 - 12 MHZ"]
[Black "Novag Diamond H8 - 26,6 MHZ"]
[Result "1-0"]
[BlackElo "2105"]
[WhiteElo "2132"]

{Analyse --------> Komodo 13.02.} 1. e4 e5 2. Nf3 Nc6 3. Bb5 a6 4. Ba4 Nf6
5. O-O Nxe4 6. d4 b5 7. Bb3 d5 8. dxe5 Be6 9. Nbd2 Nc5 10. c3 Be7 11. Bc2
{Buchende} Bg4 12. Re1 {Buchbewertung Mephisto Berlin 68000: -0,18} Qd7 13.
Nf1 Rd8 {Buchende} 14. h3 Bf5 {Buchbewertung Novag Diamond: -0,61 / lt.
Komodo steht Weiss knapp besser mit ca. +0,50} 15. Ng3 Bxc2 16. Qxc2 O-O
17. Be3 a5? {deutlich besser ist Se6, nach dem Textzug ist Weiss bereits
klar im Vorteil, Komodo +1,20 mit der Fortsetzung Tad1} 18. Red1 {etwas
schwächer als Tad1, aber Weiss bleibt klar im Vorteil, Komodo +0,80} Rfe8
19. Ng5 {klar schwächer als Td2, Komodo +0,30 für Weiss} g6 20. Nf3 Bf8???
{der Novag Diamond ist völlig von der Rolle, hier ist schon wieder der
Verlustzug, danach ist die Partie bereits verloren, Komodo +2,00 mit der
Fortsetzung Sh5, nötig war a4 mit Ausgleich, der Fairness halber sei noch
gesagt, auch Mephisto Berlin 68000 hatte diesen Verlustzug erwartet.} 21.
Nh5! {Mephisto Berlin 68000 ergreift die Chance, damit ist die Partie
gelaufen.} gxh5 22. Ng5 f5 23. exf6 Re5? {mehr Widerstand leistet noch Txe3
rettet Schwarz aber natürlich auch nicht mehr, Komodo -3,00} 24. f7+ Kg7
25. Qxh7+ Kf6 26. Qh8+?? {ein völlig sinnloses Schachgebot, das Schwarz
wieder Chancen einräumt, um ganze 2 Bauerneinheiten !! schlechter als Dxh5,
Komodo +1,00 für Weiss} Bg7 27. Qxh5 Ne6 28. Nh7+ Ke7 29. Qg6 {eine überaus
komplizierte, sehr rechenintensive Stellung, da ist es wohl nur eine Frage
der Zeit, bis Schwarz den nächsten spielentscheidenden Fehler begeht, bei
optimaler Verteidigung ist hier Weiss ca. mit +1,10 im Vorteil} Kd6???
{kaum habe ich es ausgesprochen, ist es auch schon passiert, dieser völlig
absurde Zug verliert natürlich die Partie sofort, Komodo -5,00, nötig war
Tf8, aber klar das muss man auch erst mal sehen, da der Turm ja vom
Springer genommen werden kann, aber in dieser Stellung kann man dem Novag
Diamond nicht so einen Vorwurf machen, einfach unmachbar aufrund der
endlosen Möglichkeiten.} 30. Bg5 {besser ist Ld4, aber auch nach dieser
Fortsetzung steht Weiss klar auf Gewinn, Komodo +4,00} Re2??? {naja, diese
Stellung ist einfach unspielbar für den Novag Diamond, für diesen Zug nahm
er sich 23 Minuten !!!! Bedenkzeit, trotzdem ist er um ganze 4
Bauerneinheiten schlechter als Txg5, aber auch danach hätte Schwarz
natürlich schon klar verloren, Komodo -8,00 !!!} 31. Bxd8 {Rest geschent}
1-0
[/pgn]
[pgn]